logo

Bir Sreshtho Munshi Abdur Rouf Library
Jhenaidah Cadet College

Six men of business : (Record no. 4097)

MARC details
000 -LEADER
fixed length control field 00604nam a2200217 a 4500
001 - CONTROL NUMBER
JCCL Control Number 4097
003 - CONTROL NUMBER IDENTIFIER
JCCL marc code BD-JhCC
005 - DATE AND TIME OF LATEST TRANSACTION
control field 20180325164434.0
008 - FIXED-LENGTH DATA ELEMENTS--GENERAL INFORMATION
fixed length control field 171122s1944 uk |||| |||| 000 0 eng d
035 ## - SYSTEM CONTROL NUMBER
system control number (BD-JhCC)
040 ## - CATALOGING SOURCE
Original cataloging agency BD-JhCC
Modifying agency BD-JhCC
041 ## - LANGUAGE CODE
Language code of Book eng
082 ## - DEWEY DECIMAL CLASSIFICATION NUMBER
Classification number 338.040922
Author mark and Year MCN 1944
100 ## - MAIN ENTRY--PERSONAL NAME
Personal name Mcnicol, Harry
245 ## - TITLE STATEMENT
Title Six men of business :
Remainder of title Rothschild, Reuter, Rhodes Cadbury, Carnegie, Rockefeller /
Statement of responsibility, etc Harry Mcnicol
260 ## - PUBLICATION, DISTRIBUTION, ETC. (IMPRINT)
Place of publication, distribution, etc London :
Name of publisher, distributor, etc Oxford University Press,
Date of publication, distribution, etc 1944
300 ## - PHYSICAL DESCRIPTION
Pagination 59 p. :
Dimensions 14 cm.
490 ## - SERIES STATEMENT
Series statement Living Names
650 ## - SUBJECT ADDED ENTRY--TOPICAL TERM
Topical term or geographic name as entry element Business men
942 ## - ADDED ENTRY ELEMENTS (KOHA)
Source of classification or shelving scheme Dewey Decimal Classification
Koha item type Books
Holdings
Source of classification or shelving scheme Damaged status Not for loan Home library Current library Shelving location Date of accession Total Checkouts Full call number Barcode Date last seen Copy number Koha item type
Dewey Decimal Classification     JCC Rouf Library JCC Rouf Library General Stacks 11/22/2017   338.040922 MCN 1944 6001 11/22/2017 C-1 Books

JCC Library | Contacts | JCC Home

Last Update on 23 September 2017
Copyright @ 2017-2020 JCC Rouf Library
Rouf Library, Jhenidah Cadet College (JCC), Bangladesh